000
00303nam a2200121Ia 4500
008
190216s9999||||xx |||||||||||||| ||und||
100
_a
Shanti Narayan And Kapur J N
245
2
_a
A Text Book Of Vector Calculus
260
_b
S Chand & Co
_c
1966
300
_a
317p
650
_a
Mathematics
942
_c
BK
999
_c
30508
_d
30508